Alphabet cyrillique - Statistiques

Statistiques générales
  • Ce quiz a été pris 377 fois
    373 depuis la dernière actualisation
  • Le résultat moyen est 25 sur 31
Statistiques - réponses
Majuscules Minuscules Nom de la lettre Translittération % Correct
А а a a
100%
Б б be b
98%
Д д de d
97%
Э э è oborotnojeэ оборотное è
96%
Г г ge g (dur)
96%
В в ve v
96%
И и i i
93%
Й й i kratkoiéи краткое ï
93%
О о o o
93%
Р р er r (roulé)
92%
Т т te t
92%
К к ka k
90%
М м em m
90%
П п pe p
90%
С с es s (dur)
90%
З з ze z
90%
Ф ф ef f
89%
Н н en n
89%
Л л el l
88%
Ы ы y(jery, еры) y (i tendu)
87%
Ж ж že j
84%
Ш ш ša ch
76%
Ц ц tse ts
71%
Е е ie
66%
У у ou ou
64%
Х х kha kh (rh)
63%
Ч ч če tch
61%
Ё ё io io
59%
Я я ja ia
56%
Ю ю ju you (iou)
55%
Щ щ šča chtch
27%
Aucun quiz correspondant
Distribution des résultats
% des personnes avec chaque résultat
Percentile par nombre de réponses
Votre historique - résultats
Vous n’avez pas pris ce quiz depuis la dernière actualisation